LEADER 01231nam0 22002893i 450 001 MIL0040382 005 20231121125528.0 100 $a20160725d1983 ||||0itac50 ba 101 | $aita 102 $ait 181 1$6z01$ai $bxxxe 182 1$6z01$an 200 1 $aProfili del sistema dei controlli esterni sulla pubblica amministrazione$econ riferimenti di diritto comparato$fTullio Parenzan 210 $aMilano$cA. Giuffrè$d1983 215 $a297 p.$d25 cm. 225 | $aUniversita di Trieste, Facolta di scienze politiche$v23 410 0$1001RAV0047804$12001 $aUniversita di Trieste, Facolta di scienze politiche$v23 606 $aAmministrazione pubblica$xControlli$2FIR$3RMLC081232$9I 700 1$aParenzan$b, Tullio$3CFIV121235$4070$076955 801 3$aIT$bIT-01$c20160725 850 $aIT-FR0098 899 $aBiblioteca Area Giuridico Economica$bFR0098 912 $aMIL0040382 950 0$aBiblioteca Area Giuridico Economica$d 53DSG 03/0209$e 53VM 0000249255 VM barcode:GIU0001104. - Inventario:5493VM$fA $h20010423$i20121204 977 $a 53 996 $aProfili del sistema dei controlli esterni sulla Pubblica Amministrazione$9617958 997 $aUNICAS